| Tag |
First Indicator |
Second Indicator |
Subfields |
| LEADER |
00000cam a2200000 a 4500 |
| 001 |
in00000019974 |
| 005 |
20151007053801.0 |
| 008 |
870319s1987 nyua j 00011 eng |
| 010 |
|
|
|a 87008287
|
| 020 |
|
|
|a 0670814598 (lib. bdg.) :
|c $10.95
|
| 035 |
|
|
|a (OCoLC)15487310
|
| 035 |
|
|
|9 AAB2804AM
|
| 040 |
|
|
|a DLC
|c DLC
|d TXA
|d UtOrBLW
|
| 049 |
|
|
|a [Curr Col] TXAM
|c [A11059352]
|
| 050 |
0 |
0 |
|a PZ7.N65
|b Fat 1987
|
| 082 |
0 |
|
|a [E]
|2 19
|
| 100 |
1 |
|
|a Nixon, Joan Lowery.
|
| 245 |
1 |
0 |
|a Fat chance, Claude /
|c story by Joan Lowery Nixon ; pictures by Tracey Campbell Pearson.
|
| 264 |
|
1 |
|a New York, N.Y., U.S.A. :
|b Viking Kestrel,
|c 1987.
|
| 300 |
|
|
|a 32 unnumbered pages :
|b color illustrations ;
|c 24 cm.
|
| 336 |
|
|
|a text
|b txt
|2 rdacontent
|
| 337 |
|
|
|a unmediated
|b n
|2 rdamedia
|
| 338 |
|
|
|a volume
|b nc
|2 rdacarrier
|
| 520 |
|
|
|a A zany Texas couple, Shirley and Claude, grow up and meet out in the gold mining hills of Colorado.
|
| 650 |
|
1 |
|a Gold mines and mining
|x Fiction.
|
| 651 |
|
1 |
|a Colorado
|x Fiction.
|
| 650 |
|
1 |
|a Frontier and pioneer life
|x Fiction.
|
| 650 |
|
1 |
|a Sex role
|x Fiction.
|
| 650 |
|
1 |
|a Humorous stories.
|
| 700 |
1 |
|
|a Pearson, Tracey Campbell, ill.
|
| 999 |
|
|
|a MARS
|
| 999 |
f |
f |
|s 7c157511-be45-30d5-aa8c-ddf58ef09d30
|i dba886bd-ce77-301e-ad95-c0558aab8307
|t 0
|
| 952 |
f |
f |
|p ric
|a Texas A&M University
|b Rellis Campus
|c Joint Library Facility
|d Remote Storage
|t 0
|e PZ7.N65 Fat 1987
|h Library of Congress classification
|i unmediated -- volume
|m A14811059352
|
| 998 |
f |
f |
|a PZ7.N65 Fat 1987
|t 0
|l Remote Storage
|